000 00448cam a22001217a 4500
008 180718b1965 xxu||||| |||| 00| 0 eng d
082 _aA81x54 In2/61/15/PT6/22
100 _aCensus of India 1961
245 _aUttar Pradesh: village survey monograph, Pakri Buzurg (tahsil Ghosi, district Azamgarh)
260 _aDelhi
_bThe Manager of Publications
_c1965
300 _a64+p.
440 _aCensus of India 1961. Volume XV, Uttar Pradesh. Part VI. No.22
999 _c484342
_d484342